LEADER 00602nac# 22002053i 450 001 VAN00275978 005 20260109123249.861 017 70$20$a27313484 100 $a20240515a2022 |0itac50 ba 102 $aSG 105 $a|||| ||||| 110 $ab|||||||||| 200 1 $aSmart Agriculture 210 $aSingapore$cSpringer$d2022- 620 $aSG$dSingapore$3VANL000061 801 $aIT$bSOL$c20260116$gRICA 856 4 $uhttps://www.springer.com/series/16785/books$zhttps://www.springer.com/series/16785/books 912 $aVAN00275978 996 $aSmart agriculture$91867557 997 $aUNICAMPANIA